• 首页
  • 本馆介绍
  • 公告通知
  • 最新文献
  • 馆藏检索
  • 电子资源
  • 读者导购
  • 参考咨询
  • 我的图书馆
  • 登录
  • 详细信息显示
  • 放入我的书架
  • 预约/预借图书
  • 作者相关作品
  • 分类相关作品
  • 丛书相关作品
  • 出版社相关作品

书目信息

  • 表格格式
  • 工作单格式
  • 卡片格式
题名:
欧洲移民危机与全球化困境
    
 
作者: 吴前进 主编
分册:  
出版信息: 北京   社会科学文献出版社  2018
页数: 239页
开本: 24cm
丛书名:
单 册:
中图分类: D750.38 , F114.41
科图分类:
主题词: 移民--研究--欧洲 , 经济全球化--研究
电子资源:
ISBN: 978-7-5201-1649-7
000 01240nam0 2200277 450
001 012001000020
005 20140920091301.0
010    @a978-7-5201-1649-7@dCNY79.00
100    @a20180315d2018 em y0chiy50 ea
101 0  @achi
102    @aCN@b110000
105    @ay z 000yy
106    @ar
200 1  @a欧洲移民危机与全球化困境@9Ou Zhou Yi Min Wei Ji Yu Quan Qiu Hua Kun Jing@e症结、趋势与反思@dReflections on Europe's immigration crisis and the globalization dilemma@f吴前进主编@zeng
210    @a北京@c社会科学文献出版社@d2018
215    @a239页@d24cm
314    @a吴前进,1993年毕业于上海社会科学院研究生院中国近现代思想史专业,获历史学硕士学位,现为上海社会科学院国际问题研究所研究员。
330    @a本书从多学科角度探究因移民大量涌入而引起的发达国家内部社会族群对立与因民粹主义运动兴起而导致的西方国家经济制度优势与民主政治模式的式微,并对欧洲一体化和全球化,以及全球移民治理进行前瞻性的思考与探讨。
510 1  @aReflections on Europe's immigration crisis and the globalization dilemma@zeng
606 0  @a移民@x研究@y欧洲
606 0  @a经济全球化@x研究
690    @aD750.38@v5
690    @aF114.41@v5
701  0 @a吴前进@9Wu Qian Jin@4主编
801  0 @aCN@b上海新华@c20180901
905    @b1040090-94@dD750.38@e451@f5
    
    欧洲移民危机与全球化困境:症结、趋势与反思=Reflections on Europe's immigration crisis and the globalization dilemma/吴前进主编.-北京:社会科学文献出版社,2018
    239页;24cm
    
    
    ISBN 978-7-5201-1649-7:CNY79.00
    本书从多学科角度探究因移民大量涌入而引起的发达国家内部社会族群对立与因民粹主义运动兴起而导致的西方国家经济制度优势与民主政治模式的式微,并对欧洲一体化和全球化,以及全球移民治理进行前瞻性的思考与探讨。
●
相关链接 在E读中查询图书 在五车中查询图书 在当当中查询图书 在豆瓣中查询图书


正题名:欧洲移民危机与全球化困境     索取号:D750.38/451         预约/预借

序号 登录号 条形码 馆藏地/架位号 状态 备注
1 1040090   210400902   第一样本阅览室/ [索取号:D750.38/451] 在馆    
2 1040091   210400911   密集书库-史法系/ [索取号:D750.38/451] 在馆    
3 1040092   210400920   第一借阅区/ [索取号:D750.38/451] 在馆    
4 1040093   210400939   第一借阅区/ [索取号:D750.38/451] 在馆    
5 1040094   210400948   第一借阅区/ [索取号:D750.38/451] 在馆    
唐山师范学院图书馆 欢迎您!
大连网信软件有限公司© 版权所有